Die besten Torschützen in der Geschichte von Betis Sevilla - Statistiken

Allgemein
  • Dieses Quiz wurde 3 mal gespielt
  • Das Durchschnittsergebnis liegt bei 3 aus 11
Antwortstatistiken
Tore Nationalität Spieler % Korrekt
65 Spanien Joaquín
67%
78 Spanien Alfonso
33%
52 Spanien Borja Iglesias
33%
43 Nigeria Finidi George
33%
56 Spanien Poli Rincón
33%
147 Spanien Rubén Castro
33%
39 Spanien Sergio Canales
33%
39 Brasilien Edú
0%
42 Spanien Fernando Ansola
0%
41 Argentinien Gabriel Calderón
0%
75 Spanien Jorge Molina
0%
Keine übereinstimmenden Quizze gefunden
Verteilung der Resultate
Anzahl Personen mit jedem Resultat
Perzentil nach korrekt beantworteten Fragen
Ihre Resultats-Entwicklung
Sie haben dieses Quiz noch nicht gespielt